<?xml version="1.0" encoding="UTF-8"?>
<record
    xmlns:xsi="http://www.w3.org/2001/XMLSchema-instance"
    xsi:schemaLocation="http://www.loc.gov/MARC21/slim http://www.loc.gov/standards/marcxml/schema/MARC21slim.xsd"
    xmlns="http://www.loc.gov/MARC21/slim">

  <leader>01138nam a2200265 i 4500</leader>
  <controlfield tag="005">20240530115756.0</controlfield>
  <controlfield tag="008">240428s2016    ii a   g      000 0 tam d</controlfield>
  <datafield tag="020" ind1=" " ind2=" ">
    <subfield code="a">9788193216897</subfield>
    <subfield code="c">RM19.50</subfield>
    <subfield code="q">paperback </subfield>
  </datafield>
  <datafield tag="040" ind1=" " ind2=" ">
    <subfield code="a">PPAK</subfield>
    <subfield code="b">eng</subfield>
    <subfield code="c">PPAK</subfield>
    <subfield code="e">rda</subfield>
  </datafield>
  <datafield tag="082" ind1="0" ind2="4">
    <subfield code="2">23</subfield>
    <subfield code="a">158.1</subfield>
  </datafield>
  <datafield tag="090" ind1="0" ind2="0">
    <subfield code="a">158.1</subfield>
    <subfield code="b">RAJ</subfield>
    <subfield code="d">G</subfield>
  </datafield>
  <datafield tag="100" ind1="1" ind2=" ">
    <subfield code="6">880-01</subfield>
    <subfield code="a">Raju, C.S., </subfield>
    <subfield code="c">Dr., </subfield>
    <subfield code="e">author. </subfield>
  </datafield>
  <datafield tag="245" ind1="1" ind2="0">
    <subfield code="6">880-02</subfield>
    <subfield code="a">Vetti Vazhkkaikku 'NO' Vetri Vazhkkaikku 'YES' / </subfield>
    <subfield code="c">Dr., C.S. Raju </subfield>
  </datafield>
  <datafield tag="264" ind1=" " ind2="1">
    <subfield code="a">Thirumullaivoyal, Chennai : </subfield>
    <subfield code="b">CORAL PUBLISHERS &amp; DISTRIBUTORS, </subfield>
    <subfield code="c">2016</subfield>
  </datafield>
  <datafield tag="300" ind1=" " ind2=" ">
    <subfield code="a">160 pages : </subfield>
    <subfield code="b">illustrations ; </subfield>
    <subfield code="c">22 cm </subfield>
  </datafield>
  <datafield tag="336" ind1=" " ind2=" ">
    <subfield code="a">text</subfield>
    <subfield code="2">rdacontent</subfield>
  </datafield>
  <datafield tag="337" ind1=" " ind2=" ">
    <subfield code="a">unmediated</subfield>
    <subfield code="2">rdamedia</subfield>
  </datafield>
  <datafield tag="338" ind1=" " ind2=" ">
    <subfield code="a">volume</subfield>
    <subfield code="2">rdacarrier</subfield>
  </datafield>
  <datafield tag="650" ind1="1" ind2="0">
    <subfield code="a">Success </subfield>
    <subfield code="x">Psychological aspects</subfield>
  </datafield>
  <datafield tag="650" ind1="2" ind2="0">
    <subfield code="a">Conduct of life</subfield>
  </datafield>
  <datafield tag="650" ind1="2" ind2="0">
    <subfield code="a">Self-actualization (Psychology)</subfield>
  </datafield>
  <datafield tag="880" ind1="1" ind2=" ">
    <subfield code="6">100-01/$1</subfield>
    <subfield code="a">&#xBB0;&#xBBE;&#xB9C;&#xBC1;, &#xB9A;&#xBBF;.&#xB8E;&#xBB8;&#xBCD;., </subfield>
    <subfield code="c">&#xB9F;&#xBBE;&#xB95;&#xBCD;&#xB9F;&#xBB0;&#xBCD;,</subfield>
  </datafield>
  <datafield tag="880" ind1="1" ind2="0">
    <subfield code="6">245-02/$1 </subfield>
    <subfield code="a">&#xBB5;&#xBC6;&#xB9F;&#xBCD;&#xB9F;&#xBBF; &#xBB5;&#xBBE;&#xBB4;&#xBCD;&#xB95;&#xBCD;&#xB95;&#xBC8;&#xB95;&#xBCD;&#xB95;&#xBC1; 'NO' &#xBB5;&#xBC6;&#xBB1;&#xBCD;&#xBB1;&#xBBF; &#xBB5;&#xBBE;&#xBB4;&#xBCD;&#xB95;&#xBCD;&#xB95;&#xBC8;&#xB95;&#xBCD;&#xB95;&#xBC1; 'YES' /</subfield>
    <subfield code="c">&#xB9F;&#xBBE;&#xB95;&#xBCD;&#xB9F;&#xBB0;&#xBCD;, &#xB9A;&#xBBF;.&#xB8E;&#xBB8;&#xBCD;.&#xBB0;&#xBBE;&#xB9C;&#xBC1;</subfield>
  </datafield>
  <datafield tag="942" ind1=" " ind2=" ">
    <subfield code="2">ddc</subfield>
    <subfield code="c">B</subfield>
  </datafield>
  <datafield tag="999" ind1=" " ind2=" ">
    <subfield code="c">195717</subfield>
    <subfield code="d">195717</subfield>
  </datafield>
  <datafield tag="952" ind1=" " ind2=" ">
    <subfield code="0">0</subfield>
    <subfield code="7">0</subfield>
    <subfield code="b">PPAK</subfield>
    <subfield code="c">G</subfield>
    <subfield code="d">2024-05-30</subfield>
    <subfield code="l">0</subfield>
    <subfield code="o">158.1 RAJ</subfield>
    <subfield code="p">A01821895</subfield>
    <subfield code="r">2024-05-30 11:59:26</subfield>
    <subfield code="y">B</subfield>
  </datafield>
  <datafield tag="952" ind1=" " ind2=" ">
    <subfield code="0">0</subfield>
    <subfield code="7">0</subfield>
    <subfield code="b">SP</subfield>
    <subfield code="c">G</subfield>
    <subfield code="d">2024-05-30</subfield>
    <subfield code="l">0</subfield>
    <subfield code="o">158.1 RAJ</subfield>
    <subfield code="p">A01821896</subfield>
    <subfield code="r">2024-05-30 11:59:26</subfield>
    <subfield code="y">B</subfield>
  </datafield>
</record>
